Principles of electromechanical-energy conversion (Record no. 23169)

000 -LEADER
fixed length control field 00596nam a22002051 4500
001 - CONTROL NUMBER
control field 23169
003 - CONTROL NUMBER IDENTIFIER
control field BD-DhUET
008 - FIXED-LENGTH DATA ELEMENTS--GENERAL INFORMATION
fixed length control field 730301s1966 xx 000 0 eng
040 ## - CATALOGING SOURCE
Original cataloging agency DLC
Transcribing agency DLC
Modifying agency BD-DhUET
082 ## - DEWEY DECIMAL CLASSIFICATION NUMBER
Classification number 623.13
Item number MEI/1966
100 ## - MAIN ENTRY--PERSONAL NAME
Personal name Meisel, Jerome
245 10 - TITLE STATEMENT
Title Principles of electromechanical-energy conversion
250 ## - EDITION STATEMENT
Edition statement 1st ed.
260 ## - PUBLICATION, DISTRIBUTION, ETC. (IMPRINT)
Place of publication, distribution, etc. New York
Name of publisher, distributor, etc. McGraw-Hill
Date of publication, distribution, etc. 1966
300 ## - PHYSICAL DESCRIPTION
Extent xvii, 639p.
Other physical details ill.
490 ## - SERIES STATEMENT
Series statement McGraw-Hill electrical and electronic engineering series
504 ## - BIBLIOGRAPHY, ETC. NOTE
Bibliography, etc Includes bibliographies
650 #0 - SUBJECT ADDED ENTRY--TOPICAL TERM
Topical term or geographic name as entry element Mechinery: Electrical engineering
942 ## - ADDED ENTRY ELEMENTS (KOHA)
Koha item type General Book
Holdings
Price effective from Sublocation or collection (holding branch) Not for loan Piece designation (barcode) Koha full call number Source of classification or shelving scheme Withdrawn status Damaged status Lost status Koha date last seen Shelving location Location (home branch) Koha normalized classification for sorting Copy number Date acquired Koha item type
2015-05-03Central Library, BUET 11878623.13/MEI/1968    2015-05-03Circulation sectionCentral Library, BUET623_130000000000000_MEI_196812015-05-03General Book
2015-05-03Central Library, BUET 11877623.13/MEI/1966    2015-05-03Circulation sectionCentral Library, BUET623_130000000000000_MEI_196622015-05-03General Book
2015-05-03Central Library, BUET 11875623.13/MEI/1966    2015-05-03Circulation sectionCentral Library, BUET623_130000000000000_MEI_196632015-05-03General Book
2015-05-03Central Library, BUET 11438623.13/MEI/1966    2015-05-03Circulation sectionCentral Library, BUET623_130000000000000_MEI_196642015-05-03General Book
2015-05-03Central Library, BUET 11876623.13/MEI/1966    2015-05-03Circulation sectionCentral Library, BUET623_130000000000000_MEI_196652015-05-03General Book
2015-05-03Central Library, BUET 11437623.13/MEI/1966    2015-05-03Circulation sectionCentral Library, BUET623_130000000000000_MEI_196662015-05-03General Book
2015-05-03Central Library, BUET 11879623.13/MEI/1966    2015-05-03Circulation sectionCentral Library, BUET623_130000000000000_MEI_196672015-05-03General Book
2015-05-03Central Library, BUET 84929623.13/MEI/1966    2015-05-03Circulation sectionCentral Library, BUET623_130000000000000_MEI_196682015-05-03General Book
2015-05-07Central Library, BUET 15539623.13/MEI/1966    2015-05-07Circulation sectionCentral Library, BUET623_130000000000000_MEI_196692015-05-07General Book
2015-07-12Central Library, BUET 39251623.13/MEI/1966    2015-07-12Circulation sectionCentral Library, BUET623_130000000000000_MEI_1966102015-07-12General Book